00286nam a2200121Ia 4500008004100000100000900041245004400050260002900094300000700123650001000130942000700140999001700147190216s9999||||xx |||||||||||||| ||und|| aNull 0aHindi-Manav Darmke Prekshak Santh Kabir bMac Millian And Com. Ltd a55 aHindi cBK c15962d15962